Statistics for All MCU Movies (So Far)

Click here to take the quiz!

General Stats

  • This quiz has been taken 7,223 times
    (463 since last reset)
  • The average score is 27 of 32

Answer Stats

HintAnswer% Correct
2008Iron Man
99%
2010Iron Man 2
99%
2011Captain America: The First Avenger
98%
2011Thor
98%
2008The Incredible Hulk
97%
2013Iron Man 3
96%
2012Marvel's The Avengers
96%
2019Avengers: End Game
94%
2018Avengers: Infinity War
94%
2013Thor: The Dark World
92%
2015Avengers: Age of Ultron
91%
2016Captain America: Civil War
91%
2017Spider-Man: Homecoming
90%
2017Thor: Ragnarok
89%
2015Ant-Man
88%
2019Spider-Man: Far From Home
88%
2021Spider-Man: No Way Home
87%
2016Doctor Strange
86%
2014Captain America: The Winter Soldier
85%
2014Guardians of the Galaxy
85%
2018Ant-Man & The Wasp
84%
2018Black Panther
82%
2017Guardians of the Galaxy Vol. 2
82%
2021Black Widow
80%
2019Captain Marvel
79%
2022Thor: Love and Thunder
78%
2022Doctor Strange: Multiverse of Madness
75%
2021Eternals
68%
2022Black Panther: Wakanda Forever
67%
2021Shang-Chi and The Legend of the Ten Rings
63%
2023Ant-Man & The Wasp: Quantumania
60%
2023Guardians of The Galaxy Vol. 3
58%

Score Distribution

Percentile by Number Answered

Percent of People with Each Score

Your Score History

You have not taken this quiz since the last reset